Duhānī ramajhaṭa. (Record no. 72072)

MARC details
000 -LEADER
fixed length control field 00851cam a22002891 4500
001 - CONTROL NUMBER
control field sa 67000596
003 - CONTROL NUMBER IDENTIFIER
control field DLC
005 - DATE AND TIME OF LATEST TRANSACTION
control field 20260227112315.0
008 - FIXED-LENGTH DATA ELEMENTS--GENERAL INFORMATION
fixed length control field 890717s1966 ii 000 0 gujo
010 ## - LIBRARY OF CONGRESS CONTROL NUMBER
LC control number sa 67000596
035 ## - SYSTEM CONTROL NUMBER
System control number (OCoLC)20022006
040 ## - CATALOGING SOURCE
Original cataloging agency DLC
Transcribing agency WaU
Modifying agency DLC
042 ## - AUTHENTICATION CODE
Authentication code premarc
043 ## - GEOGRAPHIC AREA CODE
Geographic area code a-ii---
050 00 - LIBRARY OF CONGRESS CALL NUMBER
Classification number PK1858
Item number .R3
100 1# - MAIN ENTRY--PERSONAL NAME
Personal name Rāyacurā, Gokuladāsa Dvārakādāsa,
Dates associated with a name 1890-1951.
245 10 - TITLE STATEMENT
Title Duhānī ramajhaṭa.
260 ## - PUBLICATION, DISTRIBUTION, ETC.
Date of publication, distribution, etc. [1966?]
300 ## - PHYSICAL DESCRIPTION
Extent 140 p.
Dimensions 19 cm.
500 ## - GENERAL NOTE
General note Cover title: Sāta so eka Soraṭhī duhānī ramajhaṭa.
500 ## - GENERAL NOTE
General note In Gujarati.
500 ## - GENERAL NOTE
General note Poems.
650 #0 - SUBJECT ADDED ENTRY--TOPICAL TERM
Topical term or geographic name entry element Folk literature, Gujarati
Geographic subdivision India
-- Saurashtra.
650 #0 - SUBJECT ADDED ENTRY--TOPICAL TERM
Topical term or geographic name entry element Gujarati poetry
Geographic subdivision India
-- Saurashtra.
700 1# - ADDED ENTRY--PERSONAL NAME
Personal name Meghāṇanda, Merūbhā.
740 0# - ADDED ENTRY--UNCONTROLLED RELATED/ANALYTICAL TITLE
Uncontrolled related/analytical title Sāta so eka Soraṭhī duhānī ramajhaṭa.

No items available.

Powered by Koha